Name A Valid Character From Greek Mythology - Statistics

General Stats
  • This quiz has been taken 212 times
    210 since last reset
  • The average score is 9 of 15
Answer Stats
Hint Answer % Correct
Flew Too Close To The Sun Icarus|Phaethon
97%
Olympian Zeus|Poseidon|Hera|Dionysus|Athena|Aphrodite|Ares|Hephaestus|Apollo|Artemis|Hermes|Demeter
97%
Has Been Zeus’s Wife Metis|Themis|Hera
94%
Greek Gods Who Roman Names Are Planets Hermes|Aphrodite|Ares|Zeus|Poseidon
83%
Children Born From Zeus’s Body Athena|Dionysus
81%
Daughters Of Kronos Hestia|Hera|Demeter
69%
Nymphs Odysseus Spent Over A Year With In The Odyssey Calypso|Circe
59%
Child Of Leto Apollo|Artemis
57%
Titans Who Drive The Sky Helios|Eos|Selene
48%
Original Beings Of The Earth And Sky Uranus|Gaea
48%
Muses Calliope|Clio|Polyhymnia|Euterpe|Terpsichore|Erato|Melpomene|Thalia|Urania
46%
Tried To Get Zeus To Eat Human Flesh Tantalus|Lycaon
31%
Judges Of The Greek Underworld Minos|Rhadamanthus|Aeacus
30%
Blind Prophets Phineus|Tiresias
23%
Siblings Of Helen Castor|Pollux|Clymenestra
20%
No matching quizzes found
Score Distribution
Percent of People with Each Score
Percentile by Number Answered
Your Score History
You have not taken this quiz since the last reset